Tìm hiểu án lệ của Australia /
Saved in:
| Main Author: | |
|---|---|
| Format: | Article |
| Language: | Vietnamese |
| Subjects: | |
| Tags: |
Add Tag
No Tags, Be the first to tag this record!
|
| Institutions: | Thư viện Trường Đại học Đà Lạt |
|---|
| LEADER | 00752nam a2200277 4500 | ||
|---|---|---|---|
| 001 | DLU090090154 | ||
| 005 | ##20090526 | ||
| 040 | # | # | |a DLU |b vie |
| 041 | # | # | |a vie |
| 044 | # | # | |a vn |
| 100 | # | # | |a Trần Đại Thắng, |c ThS. |
| 245 | # | # | |a Tìm hiểu án lệ của Australia / |c Trần Đại Thắng. |
| 653 | # | # | |a Án lệ |
| 653 | # | # | |a Australia |
| 653 | # | # | |a Nội dung |
| 653 | # | # | |a Nguyên tắc |
| 773 | # | # | |t Tòa án nhân dân |g Số 24, 2005, tr. 44-47 |
| 920 | # | # | |a Phòng Tạp chí -- Trung tâm Thông tin - Thư viện Trường Đại học Đà Lạt |
| 994 | # | # | |a DLU |
| 900 | # | # | |a True |
| 911 | # | # | |a Nguyễn Thị Mai Anh |
| 925 | # | # | |a G |
| 926 | # | # | |a A |
| 927 | # | # | |a BB |
| 980 | # | # | |a Thư viện Trường Đại học Đà Lạt |